Les Organitzacions no lucratives han de pagar impostos / Fernando Pindado, coordinador [i autor], Antonio Salvador
Descripción Física:
93 p. ; 30 cm
Colección:
Papers de participació ciutadana ; 5
Otros Autores:
Salvador, Antonio
Materias:
Entitats sense ànim de lucre -- Impostos
MARC
| LEADER | 00000nam a2200000Ia 4500 | ||
|---|---|---|---|
| 001 | 14463 | ||
| 008 | 160829s9999 xx 000 0 cat d | ||
| 080 | |a M-4-243 | ||
| 100 | |a Pindado Sánchez, Fernando |9 47630 | ||
| 245 | |a Les Organitzacions no lucratives han de pagar impostos / Fernando Pindado, coordinador [i autor], Antonio Salvador | ||
| 260 | |a [Barcelona] : |b Diputació de Barcelona, Xarxa de Municipis, cop. 2002 | ||
| 300 | |a 93 p. ; |c 30 cm | ||
| 490 | |a Papers de participació ciutadana ; 5 | ||
| 590 | |a Precedeix el títol: Eines per a la participació ciutadana. | ||
| 590 | |a Col·lecció coordinada pel Centre per a la Participació Ciutadana de l'Organisme Autònom Flor de Maig | ||
| 650 | |a Entitats sense ànim de lucre |x Impostos |9 27448 | ||
| 700 | |a Salvador, Antonio |9 27449 | ||
| 710 | |a Flor de Maig |9 54173 | ||
| 710 | 1 | |a Barcelona (Catalunya : Província). |b Diputació |9 52408 | |
| 901 | |a Arxiu | ||
| 942 | |n 1 | ||
| 952 | |0 0 |1 0 |4 0 |6 M4243 |7 1 |9 44393 |a Arxiu |b Arxiu |d 2016-12-01 |l 0 |o M-4-243 |p 14463 |r 2016-12-01 00:00:00 |w 2016-12-01 |y ARXIU | ||
| 999 | |c 46974 |d 46974 | ||